|
|
|
|
| LEADER |
00000nab a2200000 a 4500 |
| 001 |
vtls000610760 |
| 003 |
SK-MaSNL |
| 005 |
20260303014613.0 |
| 008 |
160314c xo 0 slo |
| 015 |
|
|
|a SNBRB19rr/mm-uuuuu
|
| 035 |
|
|
|a CL0610899
|
| 040 |
|
|
|a SNKBUCL
|b slo
|c SNKBUCL
|e AACR2
|
| 041 |
0 |
|
|a slo
|
| 044 |
|
|
|a xo
|c SK
|
| 080 |
|
|
|a 801-051
|2 1981
|
| 080 |
|
|
|a 82:929:885.4
|2 1981
|
| 080 |
|
|
|a 78.071.1
|2 1981
|
| 080 |
|
|
|a 929 Šteller-Šteliar, Ferdinand
|2 1981
|
| 245 |
0 |
0 |
|a Ferdinand Šteller-Šteliar
|
| 300 |
|
|
|b Obr. 1
|
| 600 |
1 |
7 |
|a Šteller-Šteliar, Ferdinand,
|d 1897-1982
|2 snkbucl
|9 115568
|
| 773 |
0 |
|
|x 0862-8823
|t Slovenské národné noviny
|g Roč. 8 (12), č. 1 (1997), s. 12
|
| 850 |
|
|
|a Slovenská národná knižnica v Martine
|a MTA001
|
| 852 |
|
|
|a SNK
|b KIS3GCP
|
| 958 |
|
|
|a SK
|
| 958 |
|
|
|a BX
|
| 958 |
|
|
|a LX
|
| 958 |
|
|
|a RK
|
| 958 |
|
|
|a RBX
|
| 999 |
|
|
|c 1608430
|d 1610360
|